Normal view
MARC view
- Ruano, A . E
Entry Personal Name
001 - CONTROL NUMBER
- control field: 60397
003 - CONTROL NUMBER IDENTIFIER
- control field: NUST
005 - DATE AND TIME OF LATEST TRANSACTION
- control field: 20210628202533.0
008 - FIXED-LENGTH DATA ELEMENTS
- fixed length control field: 210628|| aca||aabn | a|a d
040 ## - CATALOGING SOURCE
- Original cataloging agency: NUST
- Transcribing agency: NUST
100 ## - HEADING--PERSONAL NAME
- Personal name: Ruano, A . E
670 ## - SOURCE DATA FOUND
- Source citation: Work cat.: (NUST): Ruano, A . E, Intelligent control system using computational intelligence techniques, 2005
